Stopový prvek láska /

Hlavní autor: Peterka, Josef, 1944-
Další autoři: Hajný, Zdeněk, 1942-2014
Jazyk: Čeština
Vydáno: Praha : Československý spisovatel, 1986
Vydání: 1. vyd.
Externí odkaz: Digitalizovaný dokument
Fyzický popis: 73 s. : il. ; 17 cm
Knihy
Uloženo v:
LEADER 00985nam a22002892a 4500
001 000863312
003 CZ BrMZK
005 20070824154350.0
007 ta
008 070824s1986 xr a er|||||||||||cze d
015 |a cnb000019146 
020 |q (Váz.) :  |c 10 Kčs 
035 |a (OCoLC)85592135 
040 |a ABA001  |b cze  |d ABA001 
080 9 |a 885.0-1 
100 1 |a Peterka, Josef,  |d 1944-  |7 jk01092708  |4 aut 
245 1 0 |a Stopový prvek láska /  |c Josef Peterka ; ilustrace Zdeněk Hajný 
250 |a 1. vyd. 
260 |a Praha :  |b Československý spisovatel,  |c 1986 
300 |a 73 s. :  |b il. ;  |c 17 cm 
500 |a 3000 výt. 
700 1 |a Hajný, Zdeněk,  |d 1942-2014  |7 jk01033136  |4 ill 
856 4 1 |u http://www.digitalniknihovna.cz/mzk/uuid/uuid:fce979a0-da5d-11e3-b110-005056827e51  |y Digitalizovaný dokument  |x NDK 
910 |a BOA001  |b 1-0911.842 
990 |a BK 
991 |b 200708 
996 6 |b 2619598023  |c 1-0911.842  |l MZK  |r Sklad / do 1 hodiny  |n 1  |w 000863312  |u 000010  |a 1  |e BOA001  |j MZK50  |s P